000 00208nam a22000977a 4500
003 SGT
100 _aMODERN ELECTRONIC- BEASLEY S.
245 _aMODERN ELECTRONIC
260 _aNEW DELHI
_bPHI
942 _2ddc
_cCD
999 _c20080
_d20080